[Event "FRA-ch op-B"]
[Site "Nancy"]
[Date "2013.08.16"]
[Round "5"]
[White "Graton, Tanguy"]
[Black "Bornhauser, Eric"]
[Result "0-1"]
[WhiteElo "1893"]
[BlackElo "1950"]
[PlyCount "154"]
[EventDate "2013.08.11"]
[EventType "swiss"]
[EventRounds "11"]
[EventCountry "FRA"]
[SourceTitle "CBM 156 Extra"]
[Source "ChessBase"]
[SourceDate "2013.10.22"]
[SourceVersion "1"]
[SourceVersionDate "2013.10.22"]
[SourceQuality "1"]

1. e4 b6 2. d4 Bb7 3. Bd3 e6 4. Nf3 c5 5. 0-0 cxd4 6. Nxd4 Bc5 7. Nb3 Be7 8. c4 d6 9. Nc3 Nf6 10. Qe2 Nc6 11. Rd1 Ne5 12. Bf4 Nfd7 13. Nd4 Rc8 14. Nf3 Bf6 15. Rac1 a6 16. b3 Qc7 17. Bb1 Nxf3+ 18. Qxf3 Ne5 19. Qe2 0-0 20. Be3 Rfd8 21. Na4 Nd7 22. b4 Bc6 23. b5 Bb7 24. Qd3 Nc5 25. Nxc5 dxc5 26. Qc2 axb5 27. e5 Bxe5 28. Qxh7+ Kf8 29. Qh8+ Ke7 30. Bg5+ Bf6 31. Qxg7 Qe5 32. Bxf6+ Qxf6 33. Qxf6+ Kxf6 34. cxb5 Bd5 35. h4 Rg8 36. g3 Ra8 37. Rd2 Ra4 38. Kh2 Rga8 39. Rc3 R8a5 40. Rb2 Bxa2 41. Bxa2 Rxa2 42. Rcc2 Rxb2 43. Rxb2 Ra4 44. Kg2 Rb4 45. Rc2 Rxb5 46. Kf3 Rb4 47. Ke3 c4 48. Kd4 b5 49. Rc3 Rb2 50. f3 e5+ 51. Ke3 Rg2 52. g4 Rh2 53. h5 Kg5 54. Rc1 Rb2 55. Rh1 Kh6 56. g5+ Kh7 57. Ke4 Re2+ 58. Kf5 Rf2 59. g6+ fxg6+ 60. hxg6+ Kg8 61. Kxe5 Rxf3 62. Kd4 Rb3 63. Rh7 c3 64. Kd3 b4 65. Rc7 Rb2 66. Ke4 Rg2 67. Kf5 c2 68. Rc8+ Kg7 69. Rc7+ Kf8 70. Rc8+ Ke7 71. g7 b3 72. Ke5 Rxg7 73. Rc7+ Kf8 74. Rc8+ Kf7 75. Rc7+ Kg6 76. Rc3 Re7+ 77. Kd4 Re1 0-1

[Event "Paris-ch op-C 87th"]
[Site "Paris"]
[Date "2012.07.14"]
[Round "8"]
[White "Stark, Antoine"]
[Black "Graton, Tanguy"]
[Result "0-1"]
[WhiteElo "1597"]
[BlackElo "1882"]
[PlyCount "94"]
[EventDate "2012.07.07"]
[EventType "swiss"]
[EventRounds "9"]
[EventCountry "FRA"]
[SourceTitle "EXT 2014"]
[Source "ChessBase"]
[SourceDate "2013.11.20"]
[SourceVersion "1"]
[SourceVersionDate "2013.11.20"]
[SourceQuality "1"]

1. d4 Nf6 2. c4 b6 3. Nc3 Bb7 4. Nf3 e6 5. Bg5 Bb4 6. a3 Bxc3+ 7. bxc3 d6 8. e3 Nbd7 9. Bd3 0-0 10. 0-0 c5 11. e4 Qc7 12. Qe2 h6 13. Bh4 Nh5 14. Bg3 Nxg3 15. fxg3 e5 16. d5 Nf6 17. Nh4 Bc8 18. Nf5 Kh7 19. g4 Ng8 20. g5 g6 21. Nxh6 Nxh6 22. gxh6 Kxh6 23. g4 Qd7 24. g5+ Kg7 25. Rf6 Ba6 26. Qf3 Rad8 27. Rf1 Bc8 28. Be2 Rde8 29. h4 Re7 30. h5 gxh5 31. Rg6+ Kxg6 32. Qf6+ Kh7 33. Bxh5 Ree8 34. Rf2 Qh3 35. g6+ Kh6 36. gxf7+ Kxh5 37. fxe8Q+ Rxe8 38. Rh2 Rg8+ 39. Kh1 Kg4 40. Rxh3 Kxh3 41. Qh6+ Kg3 42. Qxd6 Rg5 43. Qh6 Rg4 44. Qe3+ Kh4 45. Kh2 Rf4 46. Qg3+ Kh5 47. Qg8 Rh4+ 0-1

[Event "Paris-ch op-C 87th"]
[Site "Paris"]
[Date "2012.07.07"]
[Round "1"]
[White "Graton, Tanguy"]
[Black "Zlotnikov, Alexander"]
[Result "1-0"]
[WhiteElo "1882"]
[BlackElo "1634"]
[PlyCount "71"]
[EventDate "2012.07.07"]
[EventType "swiss"]
[EventRounds "9"]
[EventCountry "FRA"]
[SourceTitle "EXT 2014"]
[Source "ChessBase"]
[SourceDate "2013.11.20"]
[SourceVersion "1"]
[SourceVersionDate "2013.11.20"]
[SourceQuality "1"]

1. e4 e6 2. d4 d5 3. Nd2 c5 4. Ngf3 Nf6 5. e5 Nfd7 6. c3 cxd4 7. cxd4 Nc6 8. Bd3 Qb6 9. 0-0 Nxd4 10. Nxd4 Qxd4 11. Nf3 Qb6 12. Qa4 Qb4 13. Qc2 Qc5 14. Qe2 Nb6 15. Be3 Qc7 16. Rac1 Qd8 17. Rc2 Bd7 18. Rfc1 Rc8 19. Nd4 Rxc2 20. Qxc2 Qc8 21. Qb3 Qb8 22. Nb5 Bc6 23. Nxa7 Qxa7 24. Bxb6 Qa4 25. Qxa4 Bxa4 26. Rc8+ Kd7 27. Rc7+ Ke8 28. Rxb7 g6 29. Rb8+ Kd7 30. b3 Bc6 31. Rd8+ Ke7 32. Rc8 Be8 33. Rc7+ Kd8 34. Rxf7+ Kc8 35. Ba6+ Kb8 36. Rc7 1-0

[Event "Rennes op 2nd"]
[Site "Rennes"]
[Date "2009.07.22"]
[Round "8"]
[White "Crouan, Stephane"]
[Black "Graton, Tanguy"]
[Result "1-0"]
[WhiteElo "2234"]
[BlackElo "1870"]
[PlyCount "47"]
[EventDate "2009.07.15"]
[EventType "swiss"]
[EventRounds "9"]
[EventCountry "FRA"]
[SourceTitle "EXT 2011"]
[Source "ChessBase"]
[SourceDate "2010.11.26"]
[SourceVersion "1"]
[SourceVersionDate "2010.11.26"]
[SourceQuality "1"]

1. e4 d6 2. d4 Nf6 3. Nc3 g6 4. Bf4 Bg7 5. Qd2 0-0 6. 0-0-0 c6 7. h4 h5 8. f3 b5 9. Kb1 a5 10. Nh3 a4 11. Nf2 Qb6 12. g4 b4 13. Ne2 Be6 14. Nc1 Nbd7 15. Be3 Bxa2+ 16. Nxa2 b3 17. cxb3 axb3 18. Nc1 Rfb8 19. Bc4 Qa7 20. Bxb3 Qa1+ 21. Kc2 Nc5 22. dxc5 Nd7 23. Nfd3 Nxc5 24. Bxc5 1-0

[Event "Rennes op 2nd"]
[Site "Rennes"]
[Date "2009.07.20"]
[Round "6"]
[White "Dobrev, Nanko"]
[Black "Graton, Tanguy"]
[Result "1-0"]
[WhiteElo "2352"]
[BlackElo "1870"]
[PlyCount "55"]
[EventDate "2009.07.15"]
[EventType "swiss"]
[EventRounds "9"]
[EventCountry "FRA"]
[SourceTitle "EXT 2011"]
[Source "ChessBase"]
[SourceDate "2010.11.26"]
[SourceVersion "1"]
[SourceVersionDate "2010.11.26"]
[SourceQuality "1"]

1. e4 e6 2. c4 c5 3. Nf3 Nc6 4. Nc3 Nf6 5. h3 d6 6. d4 cxd4 7. Nxd4 Be7 8. Be2 0-0 9. 0-0 a6 10. Be3 Qc7 11. Rc1 b6 12. Nd5 exd5 13. cxd5 Nxe4 14. dxc6 Bf6 15. Bf3 Re8 16. b4 b5 17. Re1 d5 18. Qd3 Bxd4 19. Qxd4 Be6 20. Red1 Rac8 21. Rc2 Bf5 22. Qxd5 Re5 23. Qd4 Ng5 24. Bxg5 Bxc2 25. Bd8 Re1+ 26. Rxe1 Qxd8 27. Qxd8+ Rxd8 28. c7 1-0

[Event "Rennes op 2nd"]
[Site "Rennes"]
[Date "2009.07.18"]
[Round "4"]
[White "Graton, Tanguy"]
[Black "Le Goff, Damien"]
[Result "0-1"]
[WhiteElo "1870"]
[BlackElo "2270"]
[PlyCount "52"]
[EventDate "2009.07.15"]
[EventType "swiss"]
[EventRounds "9"]
[EventCountry "FRA"]
[SourceTitle "EXT 2011"]
[Source "ChessBase"]
[SourceDate "2010.11.26"]
[SourceVersion "1"]
[SourceVersionDate "2010.11.26"]
[SourceQuality "1"]

1. e4 e6 2. d4 d5 3. Nd2 Nc6 4. Ngf3 Nf6 5. e5 Nd7 6. c3 f6 7. Bd3 fxe5 8. Nxe5 Ndxe5 9. dxe5 Nxe5 10. Qh5+ Nf7 11. Nf3 g6 12. Qh4 e5 13. Qa4+ Bd7 14. Bb5 c6 15. Be2 Bd6 16. Be3 b5 17. Qb3 Qe7 18. a4 b4 19. a5 0-0 20. 0-0 e4 21. Nd4 c5 22. Qxd5 cxd4 23. Qxd4 bxc3 24. Qxc3 Qe5 25. Qxe5 Bxe5 26. Rfd1 Be6 0-1

[Event "Rennes op 2nd"]
[Site "Rennes"]
[Date "2009.07.15"]
[Round "1"]
[White "Graton, Tanguy"]
[Black "Marquet, Jean Philippe"]
[Result "1-0"]
[WhiteElo "1870"]
[BlackElo "1770"]
[PlyCount "63"]
[EventDate "2009.07.15"]
[EventType "swiss"]
[EventRounds "9"]
[EventCountry "FRA"]
[SourceTitle "EXT 2011"]
[Source "ChessBase"]
[SourceDate "2010.11.26"]
[SourceVersion "1"]
[SourceVersionDate "2010.11.26"]
[SourceQuality "1"]

1. e4 c5 2. Nf3 Nc6 3. d4 cxd4 4. Nxd4 d6 5. Be3 Nf6 6. Nc3 g6 7. g3 Bg7 8. Bg2 0-0 9. 0-0 Ng4 10. Nxc6 bxc6 11. Bf4 e5 12. Bd2 Rb8 13. b3 Qb6 14. Na4 Qb7 15. c4 f5 16. f3 Nf6 17. Ba5 Ne8 18. Qd2 fxe4 19. fxe4 Bg4 20. Rxf8+ Bxf8 21. Rf1 Qc8 22. Qf2 Ng7 23. Qf7+ Kh8 24. Qxa7 Ra8 25. Qf2 Ne6 26. Nb6 Qa6 27. Nxa8 Qxa5 28. Nb6 d5 29. Nd7 Bb4 30. Qf6+ Ng7 31. Qf8+ Bxf8 32. Rxf8# 1-0

[Event "FRA-ch op-B"]
[Site "Pau"]
[Date "2008.08.13"]
[Round "2"]
[White "Graton, Tanguy"]
[Black "Mestdagh, Franck"]
[Result "1/2-1/2"]
[WhiteElo "1844"]
[BlackElo "1957"]
[PlyCount "136"]
[EventDate "2008.08.11"]
[EventType "swiss"]
[EventRounds "11"]
[EventCountry "FRA"]
[SourceTitle "CBM 126 Extra"]
[Source "ChessBase"]
[SourceDate "2008.11.05"]
[SourceVersion "1"]
[SourceVersionDate "2008.11.05"]
[SourceQuality "1"]

1. e4 c5 2. Nf3 d6 3. b3 Nf6 4. e5 dxe5 5. Nxe5 Qd4 6. Bb5+ Nbd7 7. Nxd7 Bxd7 8. Bxd7+ Qxd7 9. Bb2 Qc6 10. 0-0 e6 11. d3 Be7 12. Nd2 0-0 13. Qe2 Rad8 14. Nf3 Nd7 15. d4 Bf6 16. c4 a6 17. Rfd1 Qc7 18. Rac1 cxd4 19. Bxd4 Qf4 20. Be3 Qc7 21. b4 Nb8 22. Nd4 Rd7 23. Nb3 Rfd8 24. Rxd7 Nxd7 25. c5 Nb8 26. Na5 Nc6 27. Nxc6 Qxc6 28. Qc2 Qd5 29. Kf1 h6 30. a4 Kf8 31. c6 bxc6 32. Qxc6 Qd3+ 33. Ke1 Bb2 34. Qc5+ Kg8 35. Qc4 Bxc1 36. Qxd3 Rxd3 37. Bxc1 Rb3 38. Bd2 Kf8 39. Kd1 Rd3 40. Kc2 Rd5 41. Bc3 g6 42. Kb3 Ke8 43. Kc4 Kd7 44. Bg7 h5 45. Bf8 Kc6 46. Bc5 Rg5 47. b5+ axb5+ 48. axb5+ Kb7 49. g3 Rd5 50. h4 Rd1 51. Be3 e5 52. Kb4 f5 53. Kc4 Kc7 54. Kc5 Rb1 55. Kc4 Rb2 56. b6+ Kc6 57. Kc3 Rxb6 58. Bxb6 Kxb6 59. Kb4 Kc6 60. Kc4 Kd6 61. Kc3 f4 62. gxf4 Kd5 63. Kd3 exf4 64. f3 Ke5 65. Ke2 Kf5 66. Kf2 g5 67. hxg5 Kxg5 68. Kg2 h4 1/2-1/2

[Event "Nantes op 3rd"]
[Site "Nantes"]
[Date "2004.12.28"]
[Round "3"]
[White "Graton, Tanguy"]
[Black "Jaulin, Philippe"]
[Result "0-1"]
[WhiteElo "1499"]
[BlackElo "2141"]
[PlyCount "72"]
[EventDate "2004.12.27"]
[EventType "swiss"]
[EventRounds "7"]
[EventCountry "FRA"]
[SourceTitle "EXT 2006"]
[Source "ChessBase"]
[SourceDate "2005.11.24"]
[SourceVersion "1"]
[SourceVersionDate "2005.11.24"]
[SourceQuality "1"]

1. e4 e5 2. Nf3 Nc6 3. d4 exd4 4. Nxd4 Bc5 5. Be3 Qf6 6. c3 Nge7 7. Bc4 b6 8. 0-0 Bb7 9. Nb5 0-0-0 10. Bxc5 bxc5 11. Nd2 a6 12. Na3 Qg6 13. Qe2 Ne5 14. Rfe1 f5 15. f3 fxe4 16. Nxe4 d5 17. Nxc5 Nxc4 18. Nxc4 dxc4 19. Qxe7 Rhe8 20. Qh4 Rxe1+ 21. Rxe1 Bxf3 22. Qh3+ Bg4 23. Qg3 Bf5 24. Qxg6 Bxg6 25. Nxa6 Rd2 26. Re7 Rxb2 27. Rxc7+ Kd8 28. a4 Rb6 29. Ra7 Rb3 30. Ra8+ Ke7 31. Nb4 Be4 32. Ra7+ Kf6 33. Ra6+ Kg5 34. Re6 Kf5 35. Re7 Rxc3 36. Rxg7 Rb3 0-1